| 000 | 00756nam a2200217Ia 4500 | ||
|---|---|---|---|
| 003 | GCL | ||
| 008 | 140319s9999 xx 000 0 ara d | ||
| 040 |
_aGCL / _cGCL |
||
| 082 | 0 | 4 |
_aق _b962.062 _bح ب |
| 100 | 1 | _aحسين مؤنس | |
| 245 | 1 | 0 |
_aباشوات وسوبر باشوات : صورة مصر فى عصرين / _cحسين مؤنس |
| 250 | _aالاولى | ||
| 260 |
_aالقاهرة : _bالزهراء للاعلام العربى ، _c1984 |
||
| 300 |
_a318 ص ؛ _c24سم |
||
| 650 | 0 | 4 | _aثورة 23 يوليو 1952 |
| 650 | 0 | 4 | _aالمحاكم العسكرية |
| 650 | 0 | 4 | _aالسياسيون المصريون |
| 650 | 0 | 4 | _aجمال عبدالناصر |
| 650 | 0 | 4 | _aمصر - تاريخ - العصر الحديث |
| 942 |
_2ddc _cBK |
||
| 999 |
_c52461 _d52461 |
||